Statistiques concernant Culture Générale - Série 1502

Cliquez ici pour prendre le quiz!

Statistiques générales

  • Ce quiz a été pris 121 fois
  • Le résultat moyen est 5 sur 10

Statistiques - réponses

QuestionRéponse% Correct
Sous quel organe charnu et mobile devez-vous faire fondre un comprimé sublingual ?langue
95%
En août 1974, quel président américain est contraint de démissionner, suite au scandale du Watergate ?Richard Nixon
95%
En 1949, quel chanteur né en Guyane française fredonne : "Une chanson douce que me chantait ma maman" ?Henri Salvador
73%
A quel fruit l'adjectif "uval" fait-il référence ?raisin
47%
Quel anglicisme, synonyme de pactole, désigne une grosse somme d'argent facilement gagnée ?jackpot
46%
Quel félin est également appelé “loup-cervier” ?lynx
41%
Quel terme de musique, inspiré de l'italien, signifie : "glissement continu d'une note à une autre" ?glissando
16%
Quel footballeur international était surnommé "The snake" ?Youri Djorkaeff
14%
Dans quel film de 1992, Clint Eastwood interprète-t-il un ancien as de la gâchette reconverti en fermier paisible ?Impitoyable
12%
En 330 avant Jésus-Christ, quelle ville fondée par Darios Ier est incendiée lors de la conquête d'Alexandre le Grand ?Persépolis
12%

Distribution des résultats

Percentile par nombre de réponses

% des personnes avec chaque résultat

Votre développement - résultats

Vous n’avez pas pris ce quiz